Rebels and Outcasts (Record no. 17538)

MARC details
000 -LEADER
fixed length control field 00618nam a2200241 a 4500
020 ## - INTERNATIONAL STANDARD BOOK NUMBER
ISBN
082 00 - DEWEY DECIMAL CLASSIFICATION NUMBER
Classification number 915.404
Author Cutter PYE
100 ## - MAIN ENTRY--AUTHOR NAME
Author name Pye-Smith, Charlie
245 ## - TITLE STATEMENT
Title Rebels and Outcasts
Sub title A Journey Through Christian India
260 ## - PUBLICATION, DISTRIBUTION, ETC. (IMPRINT)
Place of publication New Delhi, India
Name of publisher Penguin Books
Year of publication 1997
300 ## - PHYSICAL DESCRIPTION
Number of Pages 304p
500 ## - GENERAL NOTE
General note includes index and biblioraphy
505 2# - FORMATTED CONTENTS NOTE
Formatted contents note Index
650 ## - SUBJECT ADDED ENTRY--TOPICAL TERM
Topical Term Travelogue-India
942 ## - ADDED ENTRY ELEMENTS (KOHA)
Koha item type Books
700 1# -
-- Pye-Smith, Charlie
Holdings
Collection code Home library Current library Date acquired Cost, normal purchase price Full call number Accession Number Koha item type
  Henry Martyn Institute Library Henry Martyn Institute Library 10/01/2007 100.00 915.404 PYE 11001843 Books
                   Copyright © 2026 | Henry Martyn Institute | Hyderabad | TS-500052 | INDIA | Implemented by hmi.edu.in
Hit-Count:

Powered by Koha